000
00249nam a2200109Ia 4500
001
587426
005
20250717113816.0
008
250717s9999 xx 000 0 und d
245
0
_a
X-5 SU
_c
KOMİSYON
260
_b
MARTI YAYINLARI
_c
2017
300
_b
18
999
_c
587426
_d
587426